AFL Teams - Arena Football League - Statistics

General Stats
  • This quiz has been taken 14 times
  • The average score is 45 of 63
Answer Stats
Location: Team: % Correct
Cleveland Thunderbolts
100%
Cleveland Gladiators
100%
Columbus Destroyers
100%
Dallas Desperados
100%
Dallas Texans
100%
Dallas Vigilantes
100%
New Orleans Night
100%
New Orleans VooDoo
100%
Orlando Predators
100%
Philadelphia Soul
100%
Albany Empire
86%
Arizona Rattlers
86%
Chicago Politicians
86%
Chicago Bruisers
86%
Chicago Rush
86%
Denver Dynamite
86%
Detroit Fury
86%
Las Vegas Outlaws
86%
Milwaukee Mustangs
86%
Nashville Kats
86%
New York Dragons
86%
New York Knights
86%
Pittsburgh Power
86%
San Jose SaberCats
86%
Austin Wranglers
71%
Baltimore Brigade
71%
Carolina Cobras
71%
Charlotte Rage
71%
Cincinnati Rockers
71%
Florida Bobcats
71%
Grand Rapids Rampage
71%
Houston ThunderBears
71%
Iowa Barnstormers
71%
Jacksonville Sharks
71%
Kansas City Command
71%
Los Angeles Avengers
71%
Los Angeles Cobras
71%
Los Angeles Kiss
71%
Miami Vise
71%
Minnesota Fighting Pike
71%
San Antonio Force
71%
San Antonio Talons
71%
Tampa Bay Storm
71%
Washington Commandos
71%
Washington Valor
71%
Alabama Vipers
57%
Atlantic City Blackjacks
57%
Colorado Crush
57%
Connecticut Coyotes
57%
New England Steamrollers
57%
Oklahoma Wranglers
57%
Toronto Phantoms
57%
Utah Blaze
57%
Georgia Force
43%
Indiana Firebirds
43%
Massachusetts Marauders
43%
Portland Steel
43%
Spokane Shock
43%
St. Louis Stampede
43%
Anaheim Piranhas
29%
Fort Worth Cavalry
29%
Oklahoma City Yard Dawgz
29%
Rockford Metros
14%
No matching quizzes found
Score Distribution
Percent of People with Each Score
Percentile by Number Answered
Your Score History
You have not taken this quiz